000 00487nam a2200193Ia 4500
008 131103s9999 xx 000 0 und d
020 _cRs.30.00
040 _aLoreto College
041 _aEnglish
082 _a891.44B/CHA-BIS
_bLCBED/14887
100 _aBiswas, Mainak
245 _aChaplin
_cMainak Biswas
260 _aKolkata
_bPapirus
_c2009
300 _a68p.
_c 18cm.
650 _aChaplin, Charle
651 _aBiography
850 _aLCBED/891.44B/CHA-BIS
942 _cBK
999 _c38199
_d88678